000
00301nam a2200121Ia 4500
008
190216s9999||||xx |||||||||||||| ||und||
100
_a
Wesley E Lingren
245
0
_a
Inorganic Nomenclature A Programmed Approch
260
_b
Prentice Hall
_c
1980
300
_a
168p
650
_a
Chemistry
942
_c
BK
999
_c
2264
_d
2264